00627nam a22002057a 450000500170000001000130001702000220003003500130005203700160006504000120008108200170009310000180011024500680012826000480019627000450024430000240028950000510031365000270036465000300039120170124105947.0 aA-937190 c00.00a8171009921 aA-937190 bCen Lib/Ret aDPLbEN a338.954bIND aInderpal Kaur aImpact of liberalisation on Indian industry /cby Inderpal Kaur aNew DelhibDeep and Deep Publicationsc1997 bNew DelhiaF-159, Rajouri Gardene110027 axiv,191p.c22cm(Hb) aIncludes bibliographical references and index  aEconomic policy--India aEconomic aspects -- India